书目信息 |
| 题名: |
辩证法史话
|
|
| 作者: | 萧焜焘 著 | |
| 分册: | ||
| 出版信息: | 南京 江苏人民出版社 1983.12 |
|
| 页数: | 209页 | |
| 开本: | 19cm | |
| 丛书名: | ||
| 单 册: | ||
| 中图分类: | B1 | |
| 科图分类: | ||
| 主题词: | 哲学--世界 | |
| 电子资源: | ||
| ISBN: | ||
| 000 | 00498nam0 2200193 45 | |
| 001 | 0212160969 | |
| 005 | 20051229141344.03 | |
| 010 | @dCNY0.60 | |
| 091 | @a2100.017 | |
| 100 | @a20021216d1983 km y0chiy0120 ea | |
| 101 | 0 | @achi |
| 200 | 1 | @a辩证法史话@ABian Zheng Fa Shi Hua@f萧焜焘著@FXiao Kun Tao Zhu |
| 210 | @a南京@c江苏人民出版社@d1983.12 | |
| 215 | @a209页@d19cm | |
| 606 | 0 | @a哲学@x世界 |
| 690 | @aB1@v3 | |
| 701 | 0 | @a萧焜焘@4著 |
| 801 | @aCN@bTSTC@c20051229 | |
| 905 | @dB1@e11@f1@b111373 | |
| 辩证法史话/萧焜焘著.-南京:江苏人民出版社,1983.12 |
| 209页;19cm |
| ISBN :CNY0.60 |
| ● |
| 相关链接 |
|
|
|
|
正题名:辩证法史话
索取号:B1/11
 
预约/预借
| 序号 | 登录号 | 条形码 | 馆藏地/架位号 | 状态 | 备注 |
| 1 | 0011365 | 001124562 | 密集书库/ [索取号:B1/11] | 在馆 | |
| 2 | 0011368 | 001124553 | 第一借阅区/ [索取号:B1/11] | 在馆 | |
| 3 | 0111364 | 001749763 | 密集书库/ [索取号:B1/11] | 在馆 | |
| 4 | 0111366 | 001738463 | 密集书库/ [索取号:B1/11] | 在馆 | |
| 5 | 0111367 | 001874127 | 密集书库/ [索取号:B1/11] | 在馆 | |
| 6 | 0111369 | 001749683 | 密集书库/ [索取号:B1/11] | 在馆 | |
| 7 | 0111370 | 202174734 | 密集书库/ [索取号:B1/11] | 在馆 | |
| 8 | 0111371 | 001749718 | 密集书库/ [索取号:B1/11] | 在馆 | |
| 9 | 0111372 | 001873869 | 密集书库/ [索取号:B1/11] | 在馆 | |
| 10 | 0111373 | 001124544 | 第一样本阅览室/ [索取号:B1/11] | 在馆 |